<?xml version="1.0" encoding="UTF-8"?><?xml-stylesheet type="text/xsl" href="static/style.xsl"?><OAI-PMH xmlns="http://www.openarchives.org/OAI/2.0/" xmlns:xsi="http://www.w3.org/2001/XMLSchema-instance" xsi:schemaLocation="http://www.openarchives.org/OAI/2.0/ http://www.openarchives.org/OAI/2.0/OAI-PMH.xsd"><responseDate>2026-04-27T21:46:24Z</responseDate><request verb="GetRecord" identifier="oai:uvadoc.uva.es:10324/59697" metadataPrefix="marc">https://uvadoc.uva.es/oai/request</request><GetRecord><record><header><identifier>oai:uvadoc.uva.es:10324/59697</identifier><datestamp>2025-01-14T09:32:30Z</datestamp><setSpec>com_10324_1167</setSpec><setSpec>com_10324_931</setSpec><setSpec>com_10324_894</setSpec><setSpec>col_10324_1238</setSpec></header><metadata><record xmlns="http://www.loc.gov/MARC21/slim" xmlns:doc="http://www.lyncode.com/xoai" xmlns:xsi="http://www.w3.org/2001/XMLSchema-instance" xmlns:dcterms="http://purl.org/dc/terms/" xsi:schemaLocation="http://www.loc.gov/MARC21/slim http://www.loc.gov/standards/marcxml/schema/MARC21slim.xsd">
<leader>00925njm 22002777a 4500</leader>
<datafield tag="042" ind1=" " ind2=" ">
<subfield code="a">dc</subfield>
</datafield>
<datafield tag="720" ind1=" " ind2=" ">
<subfield code="a">Jukić, K</subfield>
<subfield code="e">author</subfield>
</datafield>
<datafield tag="720" ind1=" " ind2=" ">
<subfield code="a">Ambati, M</subfield>
<subfield code="e">author</subfield>
</datafield>
<datafield tag="720" ind1=" " ind2=" ">
<subfield code="a">Jarak, Tomislav</subfield>
<subfield code="e">author</subfield>
</datafield>
<datafield tag="720" ind1=" " ind2=" ">
<subfield code="a">Kästner, M</subfield>
<subfield code="e">author</subfield>
</datafield>
<datafield tag="720" ind1=" " ind2=" ">
<subfield code="a">Tonković, Zdenko</subfield>
<subfield code="e">author</subfield>
</datafield>
<datafield tag="260" ind1=" " ind2=" ">
<subfield code="c">2023</subfield>
</datafield>
<datafield tag="520" ind1=" " ind2=" ">
<subfield code="a">A new general multiparameter phase-field approach for high-cycle fatigue fracture is proposed. Fatigue is modelled by adding a new energy dissipation term accounting for fatigue phenomena, which results in two additional crack driving forces. The current model analysed in the paper possesses four fatigue parameters, whereby each of the driving forces depends on two parameters. The crack driving forces are designed so as to enable a more accurate reproduction of S-N curves and the Paris’ law by a single set of identified parameters, which is not possible by simpler phase-field models relying on only one or two fatigue parameters. The results indicate that the presented model is able to capture various macroscopic phenomena, including the mean stress effect, the evolution of complex crack patterns under cyclic loading and the reproduction of experimental S-N and Paris curves of realistic materials. Extensive parametric analyses have revealed that there exists a strong correlation between the model fatigue parameters and the parameters defining S-N and Paris’ curves, which opens the possibility of straightforward calibration of each parameter from experimental data.</subfield>
</datafield>
<datafield tag="024" ind2=" " ind1="8">
<subfield code="a">Engineering Fracture Mechanics, 2023,&#xd;
vol. 289, 109341</subfield>
</datafield>
<datafield tag="024" ind2=" " ind1="8">
<subfield code="a">0013-7944</subfield>
</datafield>
<datafield tag="024" ind2=" " ind1="8">
<subfield code="a">https://uvadoc.uva.es/handle/10324/59697</subfield>
</datafield>
<datafield tag="024" ind2=" " ind1="8">
<subfield code="a">10.1016/j.engfracmech.2023.109341</subfield>
</datafield>
<datafield tag="024" ind2=" " ind1="8">
<subfield code="a">109341</subfield>
</datafield>
<datafield tag="024" ind2=" " ind1="8">
<subfield code="a">Engineering Fracture Mechanics</subfield>
</datafield>
<datafield ind1=" " ind2=" " tag="653">
<subfield code="a">Structural Materials</subfield>
</datafield>
<datafield ind1=" " ind2=" " tag="653">
<subfield code="a">Estructuras, Teoría de</subfield>
</datafield>
<datafield tag="245" ind1="0" ind2="0">
<subfield code="a">Calibration of phase-field brittle fatigue model by purposeful design of crack driving forces</subfield>
</datafield>
</record></metadata></record></GetRecord></OAI-PMH>